• 首页
  • 本馆介绍
  • 公告通知
  • 最新文献
  • 馆藏检索
  • 电子资源
  • 读者导购
  • 参考咨询
  • 我的图书馆
  • 登录
  • 详细信息显示
  • 放入我的书架
  • 预约/预借图书
  • 作者相关作品
  • 分类相关作品
  • 丛书相关作品
  • 出版社相关作品

书目信息

  • 表格格式
  • 工作单格式
  • 卡片格式
题名:
古代历法计算法
    
 
作者: 刘洪涛 著
分册:  
出版信息: 天津   南开大学出版社  2003
页数: 624页
开本: 20cm
丛书名:
单 册:
中图分类: P194.3
科图分类:
主题词: 古历法--计算方法--中国
电子资源:
ISBN: 7-310-01679-3
000 00546nam0 2200193 45
001 0411301357
005 20041130140537.9
010    @a7-310-01679-3@dCNY28.00
100    @a20041130d2003 km y0chiy0120 ea
101 0  @achi
105    @a z 000yy
200 1  @a古代历法计算法@AGu Dai Li Fa Ji Suan Fa@f刘洪涛著@FLiu Hong Tao Zhu
210    @a天津@c南开大学出版社@d2003
215    @a624页@d20cm
606 0  @a古历法@x计算方法@y中国
690    @aP194.3@v4
701    @a刘洪涛@4著
801    @aCN@bTSTCL@c20041130
905    @b336609-613@dP194.3@e86@f5
    
    古代历法计算法/刘洪涛著.-天津:南开大学出版社,2003
    624页;20cm
    
    
    ISBN 7-310-01679-3:CNY28.00
    
●
相关链接 在E读中查询图书 在五车中查询图书 在当当中查询图书 在豆瓣中查询图书


正题名:古代历法计算法     索取号:P194.3/86         预约/预借

序号 登录号 条形码 馆藏地/架位号 状态 备注
1 0336609   203366099   第三借阅区/ [索取号:P194.3/86] 在馆    
2 0336610   203366106   第三借阅区/ [索取号:P194.3/86] 在馆    
3 0336611   203366115   第三借阅区/ [索取号:P194.3/86] 在馆    
4 0336612   203366124   第三借阅区/ [索取号:P194.3/86] 在馆    
5 0336613   203366133   第二样本阅览室/ [索取号:P194.3/86] 在馆    
唐山师范学院图书馆 欢迎您!
大连网信软件有限公司© 版权所有